Odpisy a odpisová politika z aspektov pôsobenia reprodukčného efektu kandidátska dizertačná práca

Gespeichert in:
Bibliographische Detailangaben
1. Verfasser: Šedivý, Ľubomír
Körperschaft: Vysoká škola ekonomická v Bratislave. Národohospodárska fakulta
Weitere Verfasser: Majcher, Milan
Format: Buch
Sprache:Slowakisch
Veröffentlicht: Bratislava 1982
Tags: Tag hinzufügen
Keine Tags, Fügen Sie das erste Tag hinzu!

MARC

LEADER 00000nam a2200000 4500
001 c032186
005 20230116104802.5
041 0 |a slo 
044 |a SK 
245 1 0 |a Odpisy a odpisová politika z aspektov pôsobenia reprodukčného efektu  |b kandidátska dizertačná práca  |c Ľubomír Šedivý ; ved. práce Milan Majcher 
264 1 |a Bratislava  |c 1982 
300 |a 184 s. 
100 1 |a Šedivý, Ľubomír 
700 1 |a Majcher, Milan 
710 2 |a Vysoká škola ekonomická v Bratislave. Národohospodárska fakulta